Nuclear Energy : An Introduction to the Concepts, Systems and Applications of Nuclear Processes

Salvato in:
Dettagli Bibliografici
Autori principali: Murray, Raymond L. (Autore), Holbert, Keith E. (Autore)
Natura: Libro
Lingua:inglese
Pubblicazione: Waltham : Elsevier, 2015
Edizione:Seventh Edition
Tags: Aggiungi Tag
Nessun Tag, puoi essere il primo ad aggiungerne!!

MARC

LEADER 00000nam a22000003a 4500
001 stu288033
005 20150617230254.6
008 140407s--------xxu-----------------eng-d
020 |a 978-0-12-416654-7 
040 |a STU  |b slo 
041 0 |a eng 
044 |a xxu 
080 |a 53 (021) 
100 1 |a Murray, Raymond L.  |4 aut 
245 1 |a Nuclear Energy :  |b An Introduction to the Concepts, Systems and Applications of Nuclear Processes 
250 |a Seventh Edition 
260 |a Waltham :  |b Elsevier,  |c 2015 
300 |a 550 s 
700 1 |a Holbert, Keith E.  |4 aut 
996 |b 284EK89324  |c E*89324  |l EE36  |s P  |a 0  |w stu288033_0001 
996 |b 284EK89325  |c E*89325  |l EE36  |s P  |a 0  |w stu288033_0002